000 00293nam a2200121Ia 4500
008 190216s9999||||xx |||||||||||||| ||und||
100 _aYu-Cheng Liu And Glenn A Gibson
245 0 _aMicro Computer Systems
260 _bPrentice Hall
_c2000
300 _a623p
650 _aPhysics
942 _cBK
999 _c8693
_d8693